Statistics for No that is not the Capital!

Click here to take the quiz!

General Stats

  • This quiz has been taken 57 times
  • The average score is 16 of 21

Answer Stats

CountryCapitalCity which it confused with% Correct
United Arab EmiratesAbu DhabiDubai
98%
AustraliaCanberraSydney
98%
TurkeyAnkaraIstanbul
96%
BrazilBrasiliaRio de janeiro
96%
United statesWashington D.CNew york city
94%
CanadaOttawaToronto
94%
SwitzerlandBernGeneva
90%
ChinaBeijingShanghai
88%
New ZealandWellingtonAuckland
84%
VietnamHanoiHo Chi Minh City
84%
MoroccoRabatCasablanca
82%
NigeriaAbujaLagos
82%
Saudi ArabiaRiyadhMecca
75%
TanzaniaDodomaDar es Salaam
69%
KazachstanAstanaAlmaty
63%
BelizeBelmopanBelize city
63%
Ivory CoastYamoussoukroAbidjan
61%
MaliBamakoTimbuktu
61%
MyanmarNaypiydawYangon
57%
Sri LankaSri Jayawardena KotteColumbo
37%
BoliviaSucre, La pazSanta cruz
25%

Score Distribution

Percentile by Number Answered

Percent of People with Each Score

Your Score History

You have not taken this quiz